Efficient implementation of repeatable runout compensation in a hard-disk drive /
Saved in:
| Main Author: | |
|---|---|
| Format: | Thesis Book |
| Language: | English |
| Published: |
1997.
|
| Subjects: | |
| Tags: |
Add Tag
No Tags, Be the first to tag this record!
|
| LEADER | 00796cam a2200241 a 4500 | ||
|---|---|---|---|
| 001 | u420577 | ||
| 003 | SIRSI | ||
| 008 | 980217s1997 si v 00 10 eng m | ||
| 035 | |a ACE-6042 | ||
| 040 | |a UMM | ||
| 090 | |a TJ216.5 |b Zha | ||
| 100 | 1 | 0 | |a Zhang, Jingliang. |
| 245 | 1 | 0 | |a Efficient implementation of repeatable runout compensation in a hard-disk drive / |c by Zhang Jingliang. |
| 260 | |c 1997. | ||
| 300 | |a x, 105 leaves : |b ill. ; |c 30 cm. | ||
| 502 | |a Dissertation (M.Eng.) -- National University of Singapore, 1997. | ||
| 504 | |a Bibliography: leaves 94-97. | ||
| 650 | 0 | |a Feedforward control systems. | |
| 650 | 0 | |a Data disk drives. | |
| 650 | 0 | |a Servomechanisms. | |
| 948 | |a 17/02/1998 |b 21/06/2002 | ||
| 596 | |a 1 | ||
| 999 | |a TJ216.5 ZHA |w LC |c 1 |i A507495803 |l STACKS |m P01UTAMA |r Y |s Y |t TESIS |u 8/4/1998 | ||
